| 000 | 00344nam a2200145Ia 4500 | ||
|---|---|---|---|
| 008 | 230312s9999||||xx |||||||||||||| ||und|| | ||
| 020 | _a0-7091-9711-X | ||
| 082 |
_a610.73 _bCAV-V |
||
| 100 | _aCavendish;Clare | ||
| 245 | 0 | _aVillage Nurse | |
| 260 |
_bRobert Hall _aLondon _c1982 |
||
| 300 | _a172 | ||
| 650 |
_aMedical _vNursing |
||
| 942 | _cBK | ||
| 999 |
_c11419 _d11419 |
||